ŠLECHTĚNÍ CHMELE (Humulus lupulus L.) PRO SPECIFICKÉ VŮNĚ

Bibliographic Details
Main Authors: Nesvadba, Vladimír (Author), Henychová, Alena (Author), Krofta, Karel (Author), Poloncikova, Zděnka (Author)
Format: Article
Language:Czech

MARC

LEADER 00000naa a2200000uu 4500
001 vtls011050471
003 SK-MaSNL
005 20260302113303.0
008 220810|2012 xo |||||||||||||||||cze|
015 |a SNBRA 
035 |a (urnnbn)urn:nbn:sk:snk:ar-0097l4 
035 |a (uuid)0a11e1db-b93f-45ce-9525-70556103e1c7 
035 |a urn:nbn:sk:snk-aav11p 
040 |a SNKBUCL  |b slo  |c SNKBUCL  |e AACR2 
041 0 |a cze 
044 |a xo  |c SK 
100 1 |a Nesvadba, Vladimír  |4 aut  |9 772509 
245 1 0 |a ŠLECHTĚNÍ CHMELE (Humulus lupulus L.) PRO SPECIFICKÉ VŮNĚ  |c VLADIMÍR NESVADBA, ALENA HENYCHOVÁ, KAREL KROFTA, ZDĚNKA POLONCIKOVA 
246 3 |a HOP (Humulus lupulus L.) BREEDING AIMED AT SPECIFIC AROMA 
700 1 |a Henychová, Alena  |4 aut  |9 777499 
700 1 |a Krofta, Karel  |4 aut  |9 777498 
700 1 |a Poloncikova, Zděnka  |4 aut  |9 777500 
773 0 |t Nové poznatky z genetiky a šľachtenia poľnohospodárskych rastlín  |d Piešťany : Centrum výskumu rastlinnej výroby, 2012  |g S. 20-23  |z 9788089417414 
954 |a odborná, vedecká literatúra cudzojazyčná (svetová)  |2 lita 
958 |a OND 
958 |a article12 
958 |a chapter 
999 |c 1255152  |d 1257082